| 000 | 01524nam a22002777a 4500 | ||
|---|---|---|---|
| 001 | 9171 | ||
| 003 | FISKH | ||
| 005 | 20251127084226.0 | ||
| 008 | 251127b cb ||||| |||| 00| 0 eng d | ||
| 020 | _a9780552574303 | ||
| 040 |
_aFISKH _beng _cFISKH _dFISKH |
||
| 050 | _aPZ7.W63 B | ||
| 082 | _a813.6 | ||
| 100 |
_aWolk, Lauren _eAuthor |
||
| 245 |
_aBeyond the bright sea / _cLauren Wolk |
||
| 260 |
_aLondon : _bDutton Children's Books , _c2017 |
||
| 300 |
_a283 pages : _c20 cm |
||
| 505 | _aR | ||
| 520 | _aTwelve-year-old Crow has lived her entire life on a tiny, isolated piece of the starkly beautiful Elizabeth Islands in Massachusetts. Abandoned and set adrift in a small boat when she was just hours old, Crows only companions are Osh, the man who rescued and raised her, and Miss Maggie, their fierce and affectionate neighbor across the sandbar. Crow has always been curious about the world around her, but it isn't until the night a mysterious fire appears across the water that the unspoken question of her own history forms in her heart. Soon, an unstoppable chain of events is triggered, leading Crow down a path of discovery and danger. Vivid and heart-wrenching, Lauren Wolk's Beyond the Bright Sea is a gorgeously crafted and tensely paced tale that explores questions of identity, belonging, and the true meaning of family. | ||
| 521 | 8 |
_a770
_bLexile |
|
| 521 | 8 |
_aR
_bRaz-Plus |
|
| 650 |
_aChildren's _vAdventure |
||
| 650 |
_aIsland _vMystery |
||
| 942 |
_2ddc _cBK _n0 |
||
| 999 |
_c9171 _d9171 |
||